La psicología de la autoestima / (Record no. 91027)

MARC details
000 -CABECERA
campo de control de longitud fija 00633nam a2200205 a 4500
005 - FECHA Y HORA DE LA ÚLTIMA TRANSACCIÓN
campo de control 20230302063653.0
008 - ELEMENTOS DE LONGITUD FIJA--INFORMACIÓN GENERAL
campo de control de longitud fija 020828s2001 mx r 000 0 spa d
020 ## - NÚMERO INTERNACIONAL NORMALIZADO PARA LIBROS
Número Internacional Estándar del Libro 9688534749
035 ## - NÚMERO DE CONTROL DEL SISTEMA
Número de control de sistema UPN01000118661
049 ## - COLECCIÓN
Colección CG
050 #4 - SIGNATURA TOPOGRÁFICA DE LA BIBLIOTECA DEL CONGRESO
Número de clasificación BF575 S3.9
Número de documento/Ítem B7.68
100 1# - ASIENTO PRINCIPAL--NOMBRE PERSONAL
Nombre de persona Branden, Nathaniel,
Fechas asociadas al nombre 1930-2014
9 (RLIN) 35025
245 13 - MENCIÓN DE TÍTULO
Título La psicología de la autoestima /
Mención de responsabilidad, etc. Nathaniel Branden ; tr. Daniel Menezo García.
260 ## - PUBLICACIÓN, DISTRIBUCIÓN, ETC.
Lugar de publicación, distribución, etc. México :
Nombre del editor, distribuidor, etc. Paidós,
Fecha de publicación, distribución, etc. 2001.
300 ## - DESCRIPCIÓN FÍSICA
Extensión 376 p.
440 #0 - MENCIÓN DE SERIE/ASIENTO SECUNDARIO--TÍTULO
Título Paidós saberes cotidianos ;
Designación de volumen o secuencia 26
534 ## - NOTA SOBRE LA VERSIÓN ORIGINAL
Frase introductoria Traducción de:
Mención de título del original The psychology of self-esteem
650 #4 - ASIENTO SECUNDARIO DE MATERIA - TERMINO TEMATICO
Término de materia o nombre geográfico como elemento de entrada Autoestima
9 (RLIN) 2906
905 ## - TIPO DE MATERIAL
Tipo de material Libro
Holdings
Estado de retiro Estado de pérdida Fuente del sistema de clasificación o colocación Estado dañado No para préstamo Código de colección Localización permanente Ubicación/localización actual Ubicación en estantería Total de préstamos Clasificación Código de barras Fecha visto por última vez Número de copia Tipo de ítem Koha
    Library of Congress Classification     Colección General Bib. Gregorio Torres Quintero Bib. Gregorio Torres Quintero Planta baja 118 BF575 S3.9 B7.68 194472 31/12/2020 1 Libro